Smrtelné marketingové hříchy podle Kotlera

Ktoré sú najväčšie marketingové chyby a ako im predchádzať.1. Nedostatočná orientácia na trh. 2. Neporozumenie cieľovým zákazníkom. 3. Lepšie sledovanie konkurencie. 4. Nedostatočná pozornosť venovaná zamestnancom a partnerom. 5. Vyhľadávanie nových obchodných príležitostí. 6. Problémy s marketingov...

Descrizione completa

Salvato in:
Dettagli Bibliografici
Autore principale: Kotler, Philip
Natura: Capitolo di libro
Lingua:ceco
Soggetti:
Tags: Aggiungi Tag
Nessun Tag, puoi essere il primo ad aggiungerne!!

MARC

LEADER 00000naa$a2200000$$$4500
001 0034305
005 20231016104457.0
041 0 |a cze 
044 |a CZ 
245 1 0 |a Smrtelné marketingové hříchy podle Kotlera  |c Philip Kotler 
520 |a Ktoré sú najväčšie marketingové chyby a ako im predchádzať.1. Nedostatočná orientácia na trh. 2. Neporozumenie cieľovým zákazníkom. 3. Lepšie sledovanie konkurencie. 4. Nedostatočná pozornosť venovaná zamestnancom a partnerom. 5. Vyhľadávanie nových obchodných príležitostí. 6. Problémy s marketingovým plánovaním. 7. Nedostatočné prepojenie produktov so súvisiacimi službami. 8. Stratégia budovania značky a komunikačnej politiky. 9. Nedostatočná organizácia firmy. 10. Nedostatok vo využívaní nových technológií. 
610 2 0 |a marketing 
610 2 0 |a stratégia marketingová 
610 2 0 |a trh 
610 2 0 |a zákazníci 
610 2 0 |a produkty 
610 2 0 |a služby 
610 2 0 |a konkurencieschopnosť 
610 2 0 |a plánovanie 
610 2 0 |a komunikácia marketingová 
610 2 0 |a značky výrobkov 
610 2 0 |a inovácia 
610 2 0 |a technológie komunikačné 
100 1 |a Kotler, Philip